000 00495nam a2200193Ia 4500
005 20250326143133.0
008 250326s9999 xx 000 0 und d
020 _a0 00 655158 0
037 _aTextbook
040 _aFMSL
_beng
_cFMSL
041 _aeng
_2eng
084 _aS P3
_qFMSL
100 _aFritjof C
_9747185
245 0 _aHidden connections
_cFritjof C
260 _aLondon
_bLondon, Flamingo
_c2003
300 _a272p
942 _cTB
_hS P3
999 _c1298267
_d1298267